000 00668nam a2200193Ii 4500
003 JO-AjNU
008 230605s9999||||xx |||||||||||||| ||und||
040 _aJO-AjNU
_bara
_erda
_cJO-AjNU
041 _aara
050 1 4 _aDS36.88.M376
100 3 _aالمرزوقي، المنصف,
_eauthor
_916174
245 0 0 _aلماذا ستطآ الأقدام العربية أرض المريخ
264 3 1 _aتونس: منشورات دار الراي، (د.ت)
300 _a204ص
336 _atext
_btxt
_2rdacontent
337 _aunmediated
_bn
_2rdamedia
338 _avolume
_bnc
_2rdacarrier
650 4 _aعالم عربي- االتخلف العربي - تاريغ
_916175
999 _aA4735
_c8303
_d8303